000 00592nam a2200229Ia 4500
003 OSt
005 20221007072535.0
006 a|||||r|||| 00| 0
007 ta
008 221006b |||||||| |||| 00| 0 eng d
024 _a24,822
037 _cTextual
040 _aFLL
_cFLL
_beng
041 _2eng
_aeng
082 _aZ3:2:3, K8
100 _aLewis J. R.
_9688325
245 0 _aLandlord and tenant
260 _aLondon
_bSweet & Maxwell Limited UK
_c1968
300 _axxviii,317p
_ccm.
942 _hZ3:2:3, K8
_cTEXL
_2CC
999 _c1146360
_d1146360